Metallica Lyrics – #1: Hit the Lights! - Statistics

General Stats
  • This quiz has been taken 26 times
  • The average score is 43 of 91
Answer Stats
Answer % Correct
Hit
91%
Hit
91%
Hit
91%
lights!
91%
lights!
91%
lights!
91%
No
91%
the
91%
the
91%
the
91%
the
91%
The
91%
the
91%
yeah!
91%
yeah!
91%
yeah!
91%
to
82%
leather
73%
life
73%
never
73%
'til
73%
We
73%
we
73%
we
73%
We
73%
We
73%
again
64%
ass
64%
gonna
64%
gonna
64%
gonna
64%
tonight
64%
We're
64%
We're
64%
We're
64%
you
64%
got
55%
got
55%
kick
55%
madness
55%
some
55%
your
55%
metal
45%
start
45%
start
45%
When
45%
When
45%
alright,
36%
fans
36%
fans
36%
it's
36%
It's
36%
Oh,
36%
our
36%
our
36%
right
36%
right
36%
screaming,
36%
screaming
36%
stop
36%
are
27%
rock,
27%
Well,
27%
away
18%
higher
18%
insane
18%
rip
18%
this
18%
through
18%
wanna
18%
With
18%
With
18%
Woah!
18%
all-out
9%
anything
9%
blow
9%
brain
9%
causing
9%
know
9%
lethal
9%
only
9%
pain
9%
pain,
9%
place
9%
power
9%
sweet
9%
sweet
9%
than
9%
today
9%
volume
9%
way,
9%
No matching quizzes found
Score Distribution
Percent of People with Each Score
Percentile by Number Answered
Your Score History
You have not taken this quiz